MDQL
is popping MORE tags! Check the
thread
!
Quizzes
Events
Quiz Creation
Community
Videos
Private Events
Remove Ads
Sign In
Join for FREE
Feedback
Dark Mode
Quiz Categories
Sports
Geography
Music
Movies
Television
Just For Fun
Miscellaneous
History
Literature
Language
Science
Gaming
Entertainment
Religion
Holiday
For Kids
Quiz Lab
Recent
Popular Today
Quiz Kudos Today
Editor Picks
Curator Picks
Quizzes by...
Day
Popularity
Type
Ratings
Length
Year
Community
Subscriptions
Recent Discussions
Orange Saloon
Badges
Playlists
Quests
Create
Leaderboards
Showdown
Live 5
Trivia Bingo
Activity
Puzzle Library
Sporcle Events
Private Events
Virtual Trivia
Globe League
Become a Host
Pub Owners
SporcleCon
Opinionation
Our Games
Videos
Blog
Mobile Apps
Partnerships
Remove Ads and Go Orange
Feedback
Television
TV Characters
TV Show
Sitcom
Network
Friends
Reality Shows
Cast
South Park
Star Trek
The Simpsons
Doctor Who
Television
TV Characters
TV Show
Sitcom
Network
Friends
Reality Shows
Cast
South Park
Star Trek
The Simpsons
Doctor Who
Random Quiz
Search Sporcle
×
Quiz Lab
Quiz Lab
Television
challenge
Type in answers that appear in a list
Type in answers that appear in a list
Classic
Best Score? Go Orange.
The Challenging Big Bang Theory Trivia Stats
Can you name the Challenging Big Bang Theory Trivia Questions?
By
bindybond
20m
20 Questions
10K Plays
10,019 Plays
10,019 Plays
Comments
Comments
Give Quiz Kudos
Give Quiz Kudos
-
- Ratings
hide this ad
Forced Order
Answers have to be entered in order
Answers have to be entered in order
Replay
Link that replays current quiz
Next Quiz
Link to next quiz in quiz playlist
You Got
0%
They Got
Avg Score
25%
Avg Friend Score
Upgrade to see
Score Distribution
Jump to the score distribution portion of the page
Score
0/20
Timer
20:00
0
Plays Today
Question
% Correct
What was the nickname given to Penny by her father?
Slugger
66.2%
What beverage is Raj drinking when he first discovers he can talk to women?
Grasshopper
56.4%
Sheldon is 'the master of his own.......'?
Bladder
56%
Where does Sheldon start his explanation of physics to Penny?
Ancient Greece
44%
Name one of the 4 characters that the group dress-
up as, to go to Pennys party
The Doppler Effect, Robin Hood, Frodo, Thor
34.6%
How does Sheldon organise his breakfast cereals?
By fiber content
27.6%
Who does Sheldon want to put at the top of the christmas tree?
Sir Isaac Newton
26.7%
With enough start-
up capital who does Sheldon claim he could be?
Batman
25.8%
According to Sheldon, how much pasta is enough to feed one person?
One handful
25.7%
What Journey song do Sheldon and Leonards mother sing together?
Anyway you want it
22.1%
Question
% Correct
What magazine does Raj appear in?
People Magazine
21.6%
What two skills has Sheldon learnt from the internet?
Swimming and Rock Climbing
21.5%
What book does Sheldon use to help him make friends?
Stu the cockatoo is new at the zoo
17%
Who did Howard have a crush on when he was 14?
Marcy Grossman
15.4%
When Raj is working with Sheldon what atomic mass number does he propose?
23
14.9%
What is Sheldons favourite amino acid?
Lysine
11.8%
What soup does Sheldons mother make for him when he's sick?
Split Pea
6.9%
/
What dish does Sheldon order whilst the rest of his friends are in Vegas?
Kadai Paneer
4.3%
What is the name of the episode when Sheldon first says 'BAZINGA!'
The Monopolar Expedition
3.4%
What did Sheldon attempt to detect at the north pole?
Slow moving monopoles
3.4%
Quiz Playlist
Details
Report
Send in Message
Add To Playlist
Classic:
Type in answers that appear in a list
Forced Order:
Answers have to be entered in order
Last Updated: May 27, 2017
Quiz Scoreboard
CHALLENGE
Sign Up to Join the Scoreboard
Show All
Scores
Hide
Comments
May contain spoilers
Recently Published
1-10 Letter E Words III
by El_Dandy
Language
2m
Street Fighter Characters
by Artimus82
Gaming
60s
College Basketball Coaching Resumes
by pancakes188
Sports
9m
More to Explore
Quiz From the Vault
Featured Blog Post
Where Did the Easter Bunny Come From?
hide this ad
You Might Also Like...
Tags
bang
challenge
The Big Bang Theory
Theory
Today's Top Quizzes in Television
Browse Television
hide this ad
Today's Top Quizzes in challenge
Browse challenge
Top Contributed Quizzes in Television
1
Survivor Journey Challenge
2
Adjectives in 80s TV Shows
3
Adjectives in 00s TV Shows
4
5-to-1: The Simpsons Families
5
Adjectives in 10s TV Shows
6
5-to-1: Television Doctors
7
7-to-1: TV Show Settings
8
Adjectives in 70s TV Shows
9
5-to-1: Streaming Originals
10
Survivor Seasons
Explore More
Trending Topics
Crossword
Harry Potter
Marvel
Kpop
NBA
Anime
Disney
Soccer
NFL
The Office
Puzzle
Country
Pokémon
WWE
Song
hide this ad
More By:
bindybond
Quiz
Plays
Rating
Category
Featured
Created
The Challenging Big Bang Theory Trivia
10,019
1.57
Television
Mar 25, 2010
Del Boy's Catchphrases
100
1.50
Television
Mar 25, 2010
Go to Creator's Profile
Score Distribution
Quiz Creator Spotlight
bindybond
Follow
Send a Message
Quizzes Created
-
Created Quiz Play Count
-
More By This Creator
Popular Quizzes Today
1
Find the US States - No Outlines Minefield
2
Find the Countries of Europe - No Outlines Minefield
3
Find the US States
4
The Countries of the World
5
Risky Map Clicking: Biggest States A-Z
6
US States
7
Popular People in 1961
8
Movies - When Are They Set?
More Television Quizzes
TV Casts of the 1970s
Published
Trending Quizzes
Risky Map Clicking: Least Populous States A-Z
1-10 Letter G Words
Countries of the World: 200 Million BC
1-10 Letter F Words
Risky Map Clicking: Next State Alphabetically
Recently Updated
Largest US Cities 1790-2010
pecheneg
Rides in Walt Disney World
pecheneg
Most Oscar Losses (Acting)
pecheneg
Beyoncé Albums
pecheneg
Leaping Animals
pecheneg
Reality TV Shows (A-Z)
bhenderson79
Rickey Henderson's Hall of Fame Teammates
pecheneg
Champions League XIs: Arsenal
pecheneg
Quick Pick: Celebrities in WWE's Hall of Fame
aduchscher
A-Z Keypad Blitz II
pecheneg
Trending Topics
Harry Potter
Disney
NBA
Crossword
Marvel
Anime
Kpop
The Office
Pokémon
Puzzle
Soccer
Song
Country
WWE
NFL
Your Account Isn't Verified!
In order to create a playlist on Sporcle, you need to verify the email address you used during registration. Go to your
Sporcle Settings
to finish the process.
Report this User
Report this user for behavior that violates our
Community Guidelines
.
Details:
Send Report
Go to the Sporcle.com Mobile Site →
Comments